Name That Disney Character M^2 Quiz Stats

 Plays Quiz not verified by Sporcle

Support Sporcle.
Go Orange.
Score 0/21 Timer 14:00
0 Plays Today
Hints Answers % Correct
What's red, chinese, and has an attitude twice the size of his body?Mu Shu
88.6%
The last of seven brothers, often dumb but often forgotten.Dopey
86.4%
Bippity boppity boo. Do you know who I am too?Fairy Godmother
77.3%
I'm small and fast and on the go. But look for me, and I'll change my color, oh no!Pascal
72.7%
I sing, I dance, I pour you tea. Can you guess the name of this mommy?Mrs. Potts
70.5%
MAGIC. Did you hear me? I said MAGIC!!! ...Sorry your time with me has ended. Please rub to continue.Genie
70.5%
I swim but never drown. I'm Jamaican and tend to frown.Sebastian
68.2%
I play the trumpet but no one hears. When I'm around, they scream in fear!Louis
68.2%
A little chubby with farts to boot, but when you're with me and my buddy, we're always a hoot!Pumba
65.9%
The conscious you never had. I look to the star you wish to have.Jiminy Cricket
65.9%
I'm a star up in the sky. I'm no longer on Earth but do not cry.Ray
59.1%
Hints Answers % Correct
My leaves give others the power to speak.Grandmother Willow
52.3%
I'm large and fun and oafy, friendly and kind as well. I'd love to meet animals and humans alike, boy would that be swell.Baloo
50%
I charm the maids and stand aglow, but make me mad and fire I'll blow.Lumiere
47.7%
The wife of a king, a huntress, a fighter. Nala
45.5%
I take care of the family pets, yet I get no respect. Nonetheless, I love those dogs and from this home I'll never defect.Nanny
45.5%
My face is large, my eyes are hot. I appear when lost girls need me most, but when they want to leave my magical homeland, I do not.Cheshire Cat
43.2%
A prize winning dog, you want my love and you can't have it. I'm better than you and I know it, even if you're also from NYC.Georgette
38.6%
Proud and strong, stripes I bear. Regal I am, so approachers beware.Raja
36.4%
Helpful yet confusing. Friend of royals and the stars. I help when needed, and disappear thereafter.Rafiki
22.7%
Loud, obnoxious, fun, and friends with the only human around. Plus, most people don't even know my gender! That makes me mad!Turk
20.5%

You're not logged in!

Compare scores with friends on all Sporcle quizzes.
OR
Log In

From the Vault

Trivia Grid Blitz - US States

by goc3

Grid luck with this.
Remove Ads.
Support Sporcle.
Get the best of Sporcle when you Go Orange. This ad-free experience offers more features, more stats, and more fun while also helping to support Sporcle. Thank you for becoming a member.

Show Comments

Extras

Created Mar 26, 2012ReportNominate
Tags:Disney Quiz, Character

Top Quizzes Today


Score Distribution

Your Account Isn't Verified!

In order to create a playlist on Sporcle, you need to verify the email address you used during registration. Go to your Sporcle Settings to finish the process.

Report this User

Report this user for behavior that violates our Community Guidelines.

Details: